Visperas, festividad y octava de San Camilo del ano 1936 en Madrid /

Bibliographic Details
Main Author: Cela, Camilo José, 1916-2002
Format: Book
Language:Spanish
Published: Madrid : Alianza Editorial, 1975.
Edition:2. ed.
Series:El libro de bolsillo ; 532 : Seccion Literatura

MARC

Tag First Indicator Second Indicator Subfields
LEADER 00000cam a2200000 i 4500
001 in00000345310
005 20151011054603.0
008 761201s1975 sp 00010 spa d
020 |a 8420615323 
035 |a (OCoLC)02587229 
035 |9 ABM0650AM 
040 |c TXU  |d TXA  |d UtOrBLW 
049 |a TXAM  |c [439739] 
090 |a PQ6605.E44  |b V54 1975 
100 1 |a Cela, Camilo José,  |d 1916-2002. 
245 1 0 |a Visperas, festividad y octava de San Camilo del ano 1936 en Madrid /  |c Camilo Jose Cela. 
250 |a 2. ed. 
264 1 |a Madrid :  |b Alianza Editorial,  |c 1975. 
300 |a 335 pages ;  |c 18 cm. 
336 |a text  |b txt  |2 rdacontent 
337 |a unmediated  |b n  |2 rdamedia 
338 |a volume  |b nc  |2 rdacarrier 
490 0 |a El libro de bolsillo ; 532 : Seccion Literatura 
500 |a On cover: San Camilo, 1936. 
740 0 |a San Camilo, 1936. 
999 |a MARS 
999 f f |s 9376fb70-acf0-3fea-b2ad-fde0b29aa021  |i 1fd96ef6-a0b2-369d-8c24-234659ffeade  |t 0 
952 f f |p ric  |a Texas A&M University  |b Rellis Campus  |c Joint Library Facility  |d Remote Storage  |t 0  |e PQ6605.E44 V54 1975  |h Library of Congress classification  |i unmediated -- volume  |m A14803814586 
998 f f |a PQ6605.E44 V54 1975  |t 0  |l Remote Storage